Equipos de futbol del Barcelonés - Estadísticas

Estadísticas generales
  • Esta prueba ha sido intentada 16 veces
    9 desde el último reinicio
  • La puntuación promedio es 19 de 82
Estadísticas de respuestas
Respuesta % Correcto
F.C Barcelona
86%
R.C.D Espanyol
86%
C.E Europa
71%
U.E Sant Andreu
57%
C.E Jupiter
43%
C.E Sant Adrià
43%
C.P Sarria
43%
F.F Badalona
43%
Hospitalet C.E
43%
U.A Horta
43%
U.E Sants
43%
A.E La Salut Pere Gol
29%
C.E Congrés
29%
C.F. Arrabal Calaf Gramenet
29%
C.F Barceloneta
29%
C.F Canyelles
29%
C.F Imperio
29%
C.F Llefia
29%
C.F Martinenc
29%
C.F Montañesa
29%
C.F Singuerlin
29%
C.F Sistrells
29%
E.F Guineueta
29%
E.F Premier Barcelona
29%
F.E Grama
29%
F.E Hospitalet
29%
Mercat Nou Magòria
29%
P.B Barcino
29%
P.B Trinitat Vella
29%
U.E Cornellà
29%
A.E Bon Pastor
14%
A.F Josep Maria Gene
14%
A.F Veterans De Catalunya
14%
APA Poble Sec C.E
14%
Assosiació Cultural Balandrau
14%
ATC Hospitalense
14%
ATC Poblenou
14%
Barcelona Dragons
14%
Besós Baró de Viver C.F
14%
C.D Carmelo
14%
C.D Sant Gabriel
14%
C.D Trinidad
14%
C.E Les Corts
14%
C.E Pàdua
14%
Cerro Club Deportivo
14%
C.E Vila Olimpica
14%
C.F Alzamora
14%
C.F Bufalà
14%
C.F Can Buxeres
14%
C.F Collblanc Torrassa
14%
C.F Damm
14%
C.F Don Bosco
14%
C.F Espluguenc
14%
C.F Lloreda
14%
C.F Pomar
14%
C.F Sant Ignasi
14%
C.F Turó Peira
14%
Club Tecnofutbol
14%
Col·legi Sagrat Cor
14%
Daumar Club
14%
Diagonal C.E
14%
E.F Almogàvers
14%
E.F Angel Pedraza
14%
E.F Vallvidrera
14%
Escola Pia Sarria
14%
FAF L'Hospitalet
14%
F.E Cornellà
14%
Fundació ATC Hospitalet
14%
Gran Penya Espanyolista Manigua
14%
La Florida C.F
14%
La Salle Bonanova C.F
14%
P.B Anguera
14%
P.B Cinc Copes
14%
P.B Collblanc Sants
14%
P.B U.D Parc
14%
P.B Villaverde Penitents
14%
Racing Stoikhov Sarria
14%
Racing Vallbona C.F
14%
U.B Catalonia
14%
U.D Gornal
14%
UD Unificacion Bellvitge
14%
Young Talent Badalona C.F
14%
No se encontraron pruebas coincidentes
Distribución de puntuación
Porcentaje de gente con cada puntuación
Porcentaje por número respondido
Historial de tus puntuaciones
No has intentado esta prueba desde el último reinicio